000
00282nam a22001337a 4500
008
190225b xxu||||| |||| 00| 0 eng d
020
_a
002328000
041
_a
eng
080
_a
338
100
_a
52
101
_a
MNG
245
_a
Business Ethics
_c
George, R.T
942
_2
udc
_c
BK
999
_c
54183
_d
54183